| 000 | 00836nam a2200241Ia 4500 | ||
|---|---|---|---|
| 003 | OSt | ||
| 005 | 20260401162700.0 | ||
| 008 | 220923b |||||||| |||| 00| 0 eng d | ||
| 020 | _a9789388983389 | ||
| 037 | _cGeneral Book | ||
| 040 |
_aRTL _cRTL _beng |
||
| 041 |
_2eng _aeng |
||
| 084 |
_aXM5:(Z).2 Q5;Q9/TD _qRTL |
||
| 100 |
_aKapoor G. K. _91234043 |
||
| 245 | 0 |
_aTaxmann's company law _b A comprehensive textbook on companies act 2013. |
|
| 260 |
_a New Delhi _bTaxmann _c2019 |
||
| 300 |
_a680p _bincludes bibliographical references an index |
||
| 490 | _aEarthscan Studies in Natural Resource Management | ||
| 650 | _aCommerce | ||
| 700 |
_a Dhamija, Sanjay. _9263310 |
||
| 942 |
_hXM5:(Z).2 Q5;Q9/TD _cTB _2CC |
||
| 999 |
_c615338 _d615338 |
||